Quizzes
Events
Quiz Creation
Community
Videos
Private Events
Remove Ads
Sign In
Join for FREE
Feedback
Dark Mode
Quiz Categories
Sports
Geography
Music
Movies
Television
Just For Fun
Miscellaneous
History
Literature
Language
Science
Gaming
Entertainment
Religion
Holiday
For Kids
Quiz Lab
Recent
Popular Today
Quiz Kudos Today
Editor Picks
Curator Picks
Quizzes by...
Day
Popularity
Type
Ratings
Length
Year
Community
Subscriptions
Recent Discussions
Orange Saloon
Badges
Playlists
Quests
Create
Leaderboards
Showdown
Live 5
Trivia Bingo
Activity
Puzzle Library
Sporcle Events
Private Events
Virtual Trivia
Globe League
Become a Host
Pub Owners
SporcleCon
Opinionation
Our Games
Videos
Blog
Mobile Apps
Partnerships
Remove Ads and Go Orange
Feedback
Sports
Athletes
MLB
NBA
NHL
NFL
Soccer
Sports Teams
WWE
NCAA
Football
Premier League
Basketball
Baseball
Hockey
Golf
Tennis
Cricket
Rugby
Auto Racing
Olympics
World Cup
Sports
Athletes
MLB
NBA
NHL
NFL
Soccer
Sports Teams
WWE
NCAA
Football
Premier League
Basketball
Baseball
Hockey
Golf
Tennis
Cricket
Rugby
Auto Racing
Olympics
World Cup
Random Quiz
Search Sporcle
×
Quiz Lab
Quiz Lab
Sports
Career
Type in answers that appear in a list
Type in answers that appear in a list
Classic
Best Score? Go Orange.
Texas Career Statistical Leaders Stats
Can you name the Texas Career Statistical Leaders?
By
ben510
8m
40 Questions
38 Plays
38 Plays
38 Plays
Comments
Comments
Give Quiz Kudos
Give Quiz Kudos
-
- Ratings
hide this ad
Replay
Link that replays current quiz
Next Quiz
Link to next quiz in quiz playlist
You Got
0%
They Got
Avg Score
39%
Avg Friend Score
Upgrade to see
Score Distribution
Jump to the score distribution portion of the page
Score
0/40
Timer
08:00
0
Plays Today
% Correct
Ricky Williams
100%
Roy Williams
100%
Vince Young
92.1%
Colt McCoy
92.1%
Vince Young
92.1%
Cedric Benson
81.6%
Earl Campbell
71.1%
Chris Simms
68.4%
B.J. Johnson
68.4%
Derrick Johnson
68.4%
Major Applewhite
65.8%
Jamaal Charles
57.9%
James Brown
52.6%
Jordan Shipley
52.6%
A.J. “Jam” Jones
47.4%
Tony Jones
47.4%
Johnny “Lam” Jones
47.4%
Limas Sweed
39.5%
Quan Cosby
36.8%
Mike Adams
31.6%
% Correct
Eric Metcalf
26.3%
Peter Gardere
23.7%
Roosevelt Leaks
21.1%
Hodges Mitchell
21.1%
Kwame Cavil
21.1%
Britt Hager
21.1%
Michael Griffin
21.1%
Wane McGarity
18.4%
Chris Gilbert
15.8%
Shea Morenz
15.8%
Todd Dodge
15.8%
Chris Carter
15.8%
Bobby Layne
10.5%
Dusty Renfro
7.9%
Bret Stafford
5.3%
Doug Shankle
5.3%
Steve McMichael
5.3%
Tyson King
5.3%
Anthony Curl
2.6%
Bruce Scholtz
2.6%
Quiz Playlist
Details
Report
Send in Message
Add To Playlist
Classic:
Type in answers that appear in a list
Quiz Source
Last Updated: Feb 16, 2017
Quiz Scoreboard
CHALLENGE
Sign Up to Join the Scoreboard
Show All
Scores
Hide
Comments
May contain spoilers
Recently Published
9x9 Crossword: Cartoon Network
by jackfrog10
Miscellaneous
3m
College Basketball Coaching Resumes
by pancakes188
Sports
9m
Billboard Blitz: Fleetwood Mac
by CooCooCachoo
Music
15s
More to Explore
Quiz From the Vault
Featured Blog Post
Where Did the Easter Bunny Come From?
hide this ad
You Might Also Like...
Tags
Career
Statistical Leaders
tea
Today's Top Quizzes in Sports
Browse Sports
hide this ad
Today's Top Quizzes in Career
Browse Career
Top Contributed Quizzes in Sports
1
2022 World Cup Stars
2
Les meilleurs buteurs des matchs entre le PSG et l’OM
3
FIFA Club World Cup Champions
4
Les entraîneurs de l'OM et du PSG au 21e siècle
5
Criteria MLB: Left Handed Sluggers
6
AFC Teams Reveal (Wrong Answers Minefield)
7
2023 MLB Unique Player Accomplishments
8
5-to-1: FBS Animal Nicknames
9
Players with Multiple 50 Home Run Seasons
10
5-to-1: UK Sports Teams
Explore More
Trending Topics
NBA
Harry Potter
Kpop
Disney
Anime
Marvel
Crossword
Puzzle
Soccer
NFL
Country
Pokémon
Song
WWE
The Office
hide this ad
More By:
ben510
Quiz
Plays
Rating
Category
Featured
Created
U.S. States with highest Asian population
347
4.00
Geography
Feb 14, 2012
LSU Passers (1995-2010)
294
Sports
Jul 16, 2010
University of Texas Passers (2000-2010)
257
2.25
Sports
Jul 16, 2010
Most Popular BART stations
255
4.50
Geography
Feb 16, 2011
U.S. State Average Elevation: High to Low
241
4.50
Geography
Aug 3, 2011
Go to Creator's Profile
Score Distribution
Quiz Creator Spotlight
ben510
Follow
Send a Message
Quizzes Created
-
Created Quiz Play Count
-
More By This Creator
Popular Quizzes Today
1
Find the US States - No Outlines Minefield
2
Find the Countries of Europe - No Outlines Minefield
3
The Countries of the World
4
Find the US States
5
Risky Map Clicking: Biggest States A-Z
6
US States
7
Popular People in 1961
8
Movies - When Are They Set?
More Sports Quizzes
NFL Draft Top 10 (2000s)
Editor's Pick
Trending Quizzes
Risky Map Clicking: Least Populous States A-Z
1-10 Letter G Words
1-10 Letter F Words
Risky Map Clicking: Next State Alphabetically
Adjectives in 80s TV Shows
Recently Updated
Leaping Animals
pecheneg
Reality TV Shows (A-Z)
bhenderson79
Rickey Henderson's Hall of Fame Teammates
pecheneg
Champions League XIs: Arsenal
pecheneg
Quick Pick: Celebrities in WWE's Hall of Fame
aduchscher
A-Z Keypad Blitz II
pecheneg
Multiple Oscar Actors
pecheneg
Mystery Phrase Blitz: Oscar 'Best Actors'
pecheneg
F. Scott Fitzgerald Novels
LTH
Pick 3 Villains
ddd62291
Trending Topics
Kpop
Harry Potter
Marvel
Crossword
Anime
NBA
Disney
NFL
Song
Puzzle
Soccer
Country
The Office
WWE
Pokémon
Your Account Isn't Verified!
In order to create a playlist on Sporcle, you need to verify the email address you used during registration. Go to your
Sporcle Settings
to finish the process.
Report this User
Report this user for behavior that violates our
Community Guidelines
.
Details:
Send Report
Go to the Sporcle.com Mobile Site →
Comments